Ingeniería de valor aplicada a la construcción de urbanizaciones
Gespeichert in:
| 1. Verfasser: | |
|---|---|
| Weitere Verfasser: | |
| Format: | Buch |
| Sprache: | Spanish |
| Veröffentlicht: |
[San José, Costa Rica]
2007
|
| Schlagworte: | |
| Tags: |
Tag hinzufügen
Keine Tags, Fügen Sie den ersten Tag hinzu!
|
MARC
| LEADER | 00000nam a2200000Ia 4500 | ||
|---|---|---|---|
| 003 | 001011 | ||
| 005 | 20240126132253.0 | ||
| 008 | 160520b2007 cr a|||| |||| 00| ||spa d | ||
| 040 | |c cru CEDI | ||
| 090 | |a TFG 5538 | ||
| 100 | |a Campos León, Gustavo Adolfo |9 4630 | ||
| 245 | |a Ingeniería de valor aplicada a la construcción de urbanizaciones | ||
| 260 | |b [San José, Costa Rica] |c 2007 | ||
| 300 | |a viii, 121 páginas; ilustraciones a color | ||
| 500 | |a Proyecto de graduación (licenciatura en ingeniería civil)--Universidad de Costa Rica. Facultad de Ingeniería. Escuela de Ingeniería Civil | ||
| 501 | |a Director del Proyecto de Graduación: Ing. Roberto Fernández Morales, M.Eng. C.E; M.B.A. | ||
| 650 | |x CONSTRUCCION |x INDUSTRIA DE LA CONSTRUCCION |x URBANISMO |x ALCANTARILLADO |x DISEÑO Y CONSTRUCCION |x ACUEDUCTOS |x CALLES |x SUMINISTRO DE AGUA |9 4631 | ||
| 700 | |a Fernández Morales, Roberto |d Director del TFG |9 737 | ||
| 942 | |c TFG |h TFG 5538 |i 001011 |6 TFG_5538_001011000000000 | ||
| 999 | |c 16723 |d 16723 | ||
